Normal view
MARC view
- السيرة الذاتية-التراجم-رجال-العراق
Entry Topical Term
001 - CONTROL NUMBER
- control field: 64113
003 - CONTROL NUMBER IDENTIFIER
- control field: JO-AjAnu
005 - DATE AND TIME OF LATEST TRANSACTION
- control field: 20230606084448.0
008 - FIXED-LENGTH DATA ELEMENTS
- fixed length control field: 230606|| aca||aabn | a|a d
040 ## - CATALOGING SOURCE
- Original cataloging agency: JO-AjAnu
- Transcribing agency: JO-AjAnu
150 ## - HEADING--TOPICAL TERM
- Topical term or geographic name entry element: السيرة الذاتية-التراجم-رجال-العراق
670 ## - SOURCE DATA FOUND
- Source citation: Work cat.: (JO-AjAnu)32685: الفلاحي، رافع , author 64112, اعوام على الجمر الشيخ حارث الضاري: بعض سيرة وبعض ذكريات (1941-2015)